000 00480nam a2200205Ia 4500
005 20240823051555.0
008 240823s9999||||xx |||||||||||||| ||und||
020 _a81-87721-93-6
041 _aENGLISH
082 _A420 Q0
100 _aLalitha Natarajan
245 0 _aEnglish for Excellence
250 _a1st
260 _c2010
_bAnuradha Publica
500 _aTRANSFERED
650 _aEnglish
_bEnglish
700 _a Sasikala Natesan
942 _cBK
999 _c219891
_d219891